15 największych miast Hiszpanii - Statystyki

Ogólne statystyki
  • Ten quiz został rozwiązany 139 razy
  • Średni wynik to 9 z 15
Statystyki odpowiedzi
Ludność Miasto % Poprawnych
1 660 122 Barcelona
100%
3 332 035 Madryt
100%
684 025 Sewilla
95%
807 693 Walencja
90%
346 096 Bilbao
85%
682 513 Saragossa
68%
586 384 Malaga
67%
423 350 Palma
53%
378 027 Las Palmas
48%
293 652 Vigo
45%
349 282 Alicante
40%
323 763 Kordoba
40%
469 177 Murcja
37%
297 459 Valladolid
33%
274 455 L’Hospitalet de Llobregat
6%
Nie znaleziono quizów pasujących do podanych kryteriów
Rozkład punktacji
Procent ludzi z każdym wynikiem
Percentyl według liczby udzielonych odpowiedzi
Twoja historia wyników
Nie rozwiązałeś tego quizu